| 000 | 00439nab a2200145Ia 4500 | ||
|---|---|---|---|
| 003 | ES-SlBCS | ||
| 005 | 20210601125303.0 | ||
| 008 | 140529s1999 xxu||||| |||| 00| 0 eng d | ||
| 041 | _aeng | ||
| 100 | 1 |
_aMyers, R. H. _9156342 |
|
| 245 | 0 | 4 |
_aThe Inescapability of Moral Reasons _c R. H. Myers |
| 650 | 0 | 4 |
_aRazones Morales _9156343 |
| 773 | 0 |
_tPhilosophy and Phenomenological Research _gvol. 59, 1999, págs. 281-307 _wRev1411 |
|
| 942 | _cAR | ||
| 999 |
_c527874 _d527874 |
||